Los archivos de Pedro Almodóvar / (Record no. 193654)
[ view plain ]
| 000 -LEADER | |
|---|---|
| campo de control de longitud fija | 01624nam a2200397 i 4500 |
| 001 - NÚMERO DE CONTROL | |
| campo de control | 193654 |
| 003 - IDENTIFICADOR DE NÚMERO DE CONTROL | |
| campo de control | SpMaBN |
| 005 - FECHA Y HORA DE LA ÚLTIMA TRANSACCIÓN | |
| campo de control | 20240207063029.0 |
| 008 - DATOS DE LONGITUD FIJA--INFORMACIÓN GENERAL | |
| campo de control de longitud fija | 111123s2011 ge ao r 000 0 spa c |
| 020 ## - NÚMERO INTERNACIONAL ESTÁNDAR DEL LIBRO | |
| Número Internacional Estándar del Libro | 9783836502856 |
| 035 ## - NÚMERO DE CONTROL DEL SISTEMA | |
| Número de control de sistema | (OCoLC)864132973 |
| 035 ## - NÚMERO DE CONTROL DEL SISTEMA | |
| Número de control de sistema | a5330675 |
| 040 ## - FUENTE DE CATALOGACIÓN | |
| Centro/agencia transcriptor | SpMaBN |
| 080 ## - NÚMERO DE LA CLASIFICACIÓN DECIMAL UNIVERSAL | |
| Número de la Clasificación Decimal Universal | 791 Almodóvar, Pedro |
| 100 1# - ENTRADA PRINCIPAL--NOMBRE DE PERSONA | |
| Nombre de persona | Almodóvar, Pedro, |
| Fechas asociadas al nombre | 1949- |
| Número de control del registro de autoridad o número normalizado | XX4578342 |
| 9 (RLIN) | 20157 |
| Término indicativo de función/relación | Autor |
| 245 14 - MENCIÓN DEL TÍTULO | |
| Título | Los archivos de Pedro Almodóvar / |
| Mención de responsabilidad, etc. | edición de Paul Duncan en colaboración con Bárbara Peiró ; escrito por Pedro Almodóvar con Vicente Molina Foix... [et al.] ; prólogo de Thierry Frémaux. |
| 260 ## - PUBLICACIÓN, DISTRIBUCIÓN, ETC. | |
| Lugar de publicación, distribución, etc. | Köln : |
| Nombre del editor, distribuidor, etc. | Taschen, |
| Fecha de publicación, distribución, etc. | [2011] |
| 300 ## - DESCRIPCIÓN FÍSICA | |
| Extensión | 407 páginas : |
| Otras características físicas | ilustraciones (blanco y negro y color) ; |
| Dimensiones | 31 x 42 cm + |
| Material acompañante/anejo | 1 filmina |
| 336 ## - TIPO DE CONTENIDO | |
| Término de tipo de contenido | Texto (visual) |
| Fuente | isbdcontent |
| 337 ## - TIPO DE MEDIO | |
| Nombre/término del tipo de medio | sin mediación |
| Fuente | isbdmedia |
| 500 ## - NOTA GENERAL | |
| Nota general | Índice |
| 500 ## - NOTA GENERAL | |
| Nota general | Acompañado de un tira de imágenes de "Volver" de una película de 35 mm perteneciente a Pedro Almodóvar |
| 504 ## - NOTA DE BIBLIOGRAFÍA, ETC. | |
| Nota de bibliografía, etc. | Bibliografía: páginas 396-399 |
| 600 14 - PUNTO DE ACCESO ADICIONAL DE MATERIA--NOMBRE DE PERSONA | |
| Nombre de persona | Almodóvar, Pedro, |
| Fechas asociadas al nombre | 1949- |
| Fuente del encabezamiento o término | embne |
| 9 (RLIN) | 20157 |
| 650 #4 - PUNTO DE ACCESO ADICIONAL DE MATERIA--TÉRMINO DE MATERIA | |
| 9 (RLIN) | 11025 |
| Término de materia o nombre geográfico como elemento de entrada | Cine- |
| Subdivisión geográfica | España |
| 700 ## - ENTRADA AGREGADA--NOMBRE PERSONAL | |
| Nombre de persona | Duncan, Paul, |
| Fechas asociadas al nombre | 1964- |
| 9 (RLIN) | 235021 |
| Término indicativo de función/relación | Editor literario |
| 700 ## - ENTRADA AGREGADA--NOMBRE PERSONAL | |
| Nombre de persona | Peiró, Bárbara |
| 9 (RLIN) | 235022 |
| Término indicativo de función/relación | Editor literario |
| 700 ## - ENTRADA AGREGADA--NOMBRE PERSONAL | |
| Nombre de persona | Molina Foix, Vicente, |
| Fechas asociadas al nombre | 1946- |
| 9 (RLIN) | 235020 |
| Término indicativo de función/relación | Autor |
| 700 ## - ENTRADA AGREGADA--NOMBRE PERSONAL | |
| Nombre de persona | Frémaux, Thierry |
| 9 (RLIN) | 235023 |
| Término indicativo de función/relación | Autor de introducción |
| 852 ## - LOCALIZACIÓN | |
| Ubicación | ES-MaACL |
| Sublocalización o colección | R.154731 |
| Ubicación en estantería | Depósito 2 |
| Número de control de estantería | GF-112 |
| Donativo/Legado | Donación: Pedro Almodóvar |
| itemnumber | 201181 |
| 903 ## - NOMBRE PERSONAL DE DONANTE | |
| 9 | 20157 |
| a | Almodóvar, Pedro, |
| d | 1949- |
| e | Donante |
| 942 ## - ELEMENTOS DE ENTRADA SECUNDARIOS (KOHA) | |
| Tipo de ítem Koha | Libro impreso |
| Suprimir en OPAC | No |
| Estatus retirado | Estado de pérdida | Fuente del sistema de clasificación o colocación | Estado de daño | No para préstamo | Biblioteca de origen | Biblioteca actual | Ubicación en estantería | Fecha de adquisición | Fuente de adquisición | Número de control de estantería | Total de préstamos | Signatura topográfica completa | Código de barras | Visto por última vez | Tipo de ítem Koha |
|---|---|---|---|---|---|---|---|---|---|---|---|---|---|---|---|
| Clasificación decimal universal | Biblioteca del Ateneo de Madrid | Biblioteca del Ateneo de Madrid | Depósito 2 | 01/09/2023 | Donación | Ateneísta | GF-112 | 101206591 | 02/02/2024 | Libro impreso |
